Missing Word: World War II Movies Quiz Stats

 Plays Quiz Updated May 18, 2017

Support Sporcle.
Go Orange.
Score 0/22 Timer 03:00
2 Plays Today
Movie Missing Word % Correct
Saving Private _____Ryan
99.3%
Schindler's _____List
95.6%
Pearl _____Harbor
93.1%
Tora! Tora! _____Tora!
90.2%
The _____ DozenDirty
86.1%
Letters from Iwo _____Jima
86%
Inglourious _____Basterds
83.5%
The Boy in the Striped _____Pajamas
82.6%
The _____ Red LineThin
81.9%
The _____ PatientEnglish
78.2%
Catch-_____22
76.4%
Movie Missing Word % Correct
Das _____Boot
73.3%
Empire of the _____Sun
71%
_____ at the GatesEnemy
67.1%
A _____ Too FarBridge
65.6%
_____ of Our FathersFlags
49.5%
Hart's _____War
49%
The _____ ThiefBook
47.5%
The _____ MenMonuments
38.1%
Von Ryan's _____Express
30.7%
_____ TailsRed
28.7%
Miracle at St. _____Anna
13.7%

Today's Daily Dose

Missing Word
'Y-Z' Pairs

Quick Pick
MCU Directors

You're not logged in!

Compare scores with friends on all Sporcle quizzes.
OR
Log In
Forgot?

From the Vault

One-Letter Logos A-Z II

by HarvardAce

We gotta give it to these marketing teams, they must have done something right if we can get these logos based on just one letter.
Remove Ads.
Support Sporcle.
Get the best of Sporcle when you Go Orange. This ad-free experience offers more features, more stats, and more fun while also helping to support Sporcle. Thank you for becoming a member.

Show Comments

Extras

Top Quizzes Today


Score Distribution

Your Account Isn't Verified!

In order to create a playlist on Sporcle, you need to verify the email address you used during registration. Go to your Sporcle Settings to finish the process.

Report this User

Report this user for behavior that violates our Community Guidelines.

Details: